| 000 | 01834cam a22004334i 4500 | ||
|---|---|---|---|
| 003 | PE-LiUPU | ||
| 005 | 20250731173103.0 | ||
| 008 | 150623s r 000 0 d | ||
| 035 | _a(Sirsi) a24728 | ||
| 040 |
_aPE-LiUPU _bspa _cPE-LiUPU _erda |
||
| 082 | 0 | 4 |
_a253.76 _bB72 _221 |
| 100 | 1 |
_aBoney, Robert, _eautor. |
|
| 245 | 1 | 0 |
_aHow to start home fellowship groups : _ba manual for developing home fellowship group leaders / _cRobert Boney. |
| 264 | 1 |
_aTexas, TX : _bTexas Conference of Seventh-day Adventists, _c1970. |
|
| 300 |
_aPag. varia : _bilustraciones, gráficos ; _c27 cm. |
||
| 336 |
_atext _2rdacontent |
||
| 337 |
_aunmediated _2rdamedia |
||
| 338 |
_avolume _2rdacarrier |
||
| 500 | _aTexto mimeografiado. | ||
| 504 | _aIncluye bibliografía. | ||
| 505 | 0 | _aA pioneer's thoughts. -Guidelines for success for home felloship groups. -Purpose and planning. -How to start. -The first meeting. -Following meeting outline. -Helpful hints. -Leadership style. -The leader. -Evaluation of leadership style. -Maintaining group life. -guidelines for bible study groups. -Study resource materials. -Highly recommended reading. -Essential reading. | |
| 526 | _aSEG42 | ||
| 526 | _aSEG41 | ||
| 526 | _aSEG40 | ||
| 526 | _aSEG39 | ||
| 526 | _aP94 | ||
| 526 | _aP87 | ||
| 526 | _aP86 | ||
| 526 | _aP85 | ||
| 526 | _aP77 | ||
| 526 | _aP76 | ||
| 526 | _aP35 | ||
| 650 | 0 | 4 |
_aGrupos pequeños _xIASD _vManuales. |
| 942 |
_2ddc _cBOOK |
||
| 949 |
_a253.76 B72 _wDEWEY _c1 _i49106 _lCCODEBUL1 _mBUL _p00.00 _r0 _sY _tBOOK _u2015-06-24 _xTEOLOGIA _PP35 _0COMPRA _o.STAFF. Colección General |
||
| 596 | _a1 | ||
| 999 |
_a253.76 B72 _wDEWEY _c28252 _i49106 _f2021-11-10 _g5 _lCCODEBUL1 _mBUL _r0 _sY _tBOOK _u2015-6-24 _xTEOLOGIA _PP35 _0COMPRA _o.STAFF. Colección General _d28252 |
||
| 980 |
_81 _gALBERTO SANCHEZ Responsable de Automatización |
||